书目信息 |
| 题名: |
横行天下的张娜拉
|
|
| 作者: | 张然教 著 | |
| 分册: | ||
| 出版信息: | 北京 东方出版社 2007.6 |
|
| 页数: | 258页 | |
| 开本: | 22cm | |
| 丛书名: | ||
| 单 册: | ||
| 中图分类: | K833.126 | |
| 科图分类: | ||
| 主题词: | 人物--传记--中国 | |
| 电子资源: | ||
| ISBN: | 978-7-5060-2802-8 | |
| 000 | 00648 nam 000229 | |
| 001 | 0100040406 | |
| 005 | 20100121095429.20 | |
| 010 | @a978-7-5060-2802-8@dCNY48.0 | |
| 100 | @a20020103d2008 em y0chiy0121 ea | |
| 101 | @achi | |
| 102 | @aCN@b110000 | |
| 105 | @ay z 000yy | |
| 106 | @ar | |
| 200 | 10 | @a横行天下的张娜拉@9heng xing tian xia de zhang na la@f张然教著@Fzhang ran jiao zhu |
| 210 | @a北京@c东方出版社@d2007.6 | |
| 215 | @a258页@d22cm | |
| 540 | @a横行天下的张娜拉 | |
| 606 | @a人物@x传记@x中国 | |
| 690 | @aK833.126@v4 | |
| 701 | 0 | @a张然教@9zhang ran jiao@4著 |
| 801 | @aCN@c20100121 | |
| 905 | @b926475-79@dK833.126@eZ150@f5 | |
| 横行天下的张娜拉/张然教著.-北京:东方出版社,2007.6 |
| 258页;22cm |
| ISBN 978-7-5060-2802-8:CNY48.0 |
| ● |
| 相关链接 |
|
|
|
正题名:横行天下的张娜拉
索取号:K833.126/Z150
 
预约/预借
| 序号 | 登录号 | 条形码 | 馆藏地/架位号 | 状态 | 备注 |
| 1 | 926475 | 209264758 | 自科二线404/309社科库 60排5列5层/ [索取号:K833.126/Z150] | 在馆 | |
| 2 | 926476 | 209264767 | 自科二线404/309社科库 60排5列5层/ [索取号:K833.126/Z150] | 在馆 | |
| 3 | 926477 | 209264776 | 社科库309/309社科库 60排5列4层/ [索取号:K833.126/Z150] | 在馆 | |
| 4 | 926478 | 209264785 | 社科库309/309社科库 60排5列4层/ [索取号:K833.126/Z150] | 在馆 | |
| 5 | 926479 | 209264794 | 自科二线404/309社科库 60排5列5层/ [索取号:K833.126/Z150] | 在馆 |